01166cam a22003131 4500001001300000003000400013005001700017008004100034010001700075035001900092040004500111042001200156050002200168082000800190110006400198245010300262260002300365300005000388490002100438500005900459504002600518650004300544650006300587650001900650700005400669700003300723810007900756999001700835gs 47000282 DLC20260227111353.0780228s1947 msuab b 000 0 eng c ags 47000282  a(OCoLC)3677762 aU.S. Geol. Survey. Libr.cOTdOCoLCdDLC apremarc00aQE129b.A2 no. 64 a5532 aMississippi Geological, Economic, and Topographical Survey.00aItawamba County mineral resources: Geology,cby Franklin Earl Vestal; Tests, by Harry J. Knollman. bUniversity,c1947. a151 p.billus., fold. map (in pocket)c23 cm.1 aIts Bulletinv64 aAt head of title: Mississippi State Geological Survey. a"References": p. 117. 0aGeologyzMississippizItawamba County. 0aMines and mineral resourceszMississippizItawamba County. 0aClayxTesting.1 aVestal, Franklin E.q(Franklin Earl),d1884-1969.1 aKnollman, Harry John,d1889-2 aMississippi Geological, Economic, and Topographical Survey.tBulletinv64. c28195d28195